00421nam a2200169Ia 450000500170000000800410001702000090005804000190006704100120008608200170009810000180011524500300013326000490016330000110021265000180022385000100024120230323095624.0131103s9999 xx 000 0 und d cRs.4 aLoreto College aEnglish a891.442bBAS aBose Budhadev aPunarmilancBudhadev Bose aCalcuttabAnanda Pub. Pvt. Ltd.c19701st ed. a139p.  aBengali drama aLCLIB